<?xml version="1.0" encoding="UTF-8"?><?xml-stylesheet type="text/xsl" href="static/style.xsl"?><OAI-PMH xmlns="http://www.openarchives.org/OAI/2.0/" xmlns:xsi="http://www.w3.org/2001/XMLSchema-instance" xsi:schemaLocation="http://www.openarchives.org/OAI/2.0/ http://www.openarchives.org/OAI/2.0/OAI-PMH.xsd"><responseDate>2026-04-28T19:33:03Z</responseDate><request verb="GetRecord" identifier="oai:uvadoc.uva.es:10324/7793" metadataPrefix="marc">https://uvadoc.uva.es/oai/request</request><GetRecord><record><header><identifier>oai:uvadoc.uva.es:10324/7793</identifier><datestamp>2021-06-29T10:23:32Z</datestamp><setSpec>com_10324_38</setSpec><setSpec>col_10324_852</setSpec></header><metadata><record xmlns="http://www.loc.gov/MARC21/slim" xmlns:doc="http://www.lyncode.com/xoai" xmlns:xsi="http://www.w3.org/2001/XMLSchema-instance" xmlns:dcterms="http://purl.org/dc/terms/" xsi:schemaLocation="http://www.loc.gov/MARC21/slim http://www.loc.gov/standards/marcxml/schema/MARC21slim.xsd">
<leader>00925njm 22002777a 4500</leader>
<datafield tag="042" ind1=" " ind2=" ">
<subfield code="a">dc</subfield>
</datafield>
<datafield tag="720" ind1=" " ind2=" ">
<subfield code="a">Ostolaza Fernández, Warinka</subfield>
<subfield code="e">author</subfield>
</datafield>
<datafield tag="260" ind1=" " ind2=" ">
<subfield code="c">2014</subfield>
</datafield>
<datafield tag="520" ind1=" " ind2=" ">
<subfield code="a">Un alumno que está motivado a aprender, se involucrará en la tarea propuesta y logrará&#xd;
alcanzar un aprendizaje significativo de los contenidos. Partiendo de esta premisa, este&#xd;
trabajo presenta, en primer lugar, una fundamentación teórica acerca de las teorías&#xd;
desarrolladas desde la Didáctica de la Lengua, que da cuenta de la importancia que&#xd;
tienen aspectos como el tipo de tarea realizado por el alumno o las relaciones entre&#xd;
iguales para despertar en el alumno el interés por aprender. Así mismo realiza una&#xd;
descripción de las bases metodológicas que sustentan la pedagogía Waldorf, como un&#xd;
referente dentro del desarrollo de la motivación del alumno. Este trabajo pretende&#xd;
explicar los aspectos más importantes que favorecen el desarrollo de la motivación a&#xd;
través de la puesta en práctica de una planificación docente llevada a cabo en el centro&#xd;
Steinerschool Novalis de Geel.</subfield>
</datafield>
<datafield tag="024" ind2=" " ind1="8">
<subfield code="a">http://uvadoc.uva.es/handle/10324/7793</subfield>
</datafield>
<datafield ind1=" " ind2=" " tag="653">
<subfield code="a">Lenguaje y lenguas-Estudio y enseñanza (Primaria)</subfield>
</datafield>
<datafield ind1=" " ind2=" " tag="653">
<subfield code="a">Lengua segunda-Adquisición</subfield>
</datafield>
<datafield ind1=" " ind2=" " tag="653">
<subfield code="a">Motivación en educación</subfield>
</datafield>
<datafield tag="245" ind1="0" ind2="0">
<subfield code="a">La motivación como base para aprender una segunda lengua: una experiencia en una escuela Waldorf</subfield>
</datafield>
</record></metadata></record></GetRecord></OAI-PMH>